Statistics for Valorant agents - ultimate quotes

Click here to take the quiz!

General Stats

  • This quiz has been taken 2,111 times
  • The average score is 12 of 17

Answer Stats

AgentQuote (Ally / Enemy)% Correct
BrimstoneOpen up the sky! / Prepare for hellfire!
83%
ChamberThey are so dead! / You want to play? Let's play.
83%
BreachLet's go! / Off your feet!
82%
JettWatch this! / Get out of my way!
80%
AstraWorld divided! / You are divided!
76%
SovaI, am the hunter! / Nowhere to run!
74%
SageYour duty is not over! / You will not kill my allies!
73%
RazeHere comes the party! / Fire in the hole!
72%
CypherWhere is everyone hidding? / I know exactly where you are!
72%
OmenWatch them run. / Scatter!
71%
ViperDon't get in my way! / Welcome to my world!
65%
SkyeSeek them out! / I've got your trail!
65%
KAY/ONo one walks away! / You, are, powerless!
64%
ReynaThey will cower! / The hunt begins!
59%
KilljoyInitiated! / You should run.
57%
PhoenixC'mon, let's go! / Joke's over, you're dead!
44%
YoruI'll handle this! / Who's next?
43%

Score Distribution

Percentile by Number Answered

Percent of People with Each Score

Your Score History

You have not taken this quiz